00642nam a2200169 a 450000100100000000500170001000800410002704000250006808200150009310000270010824500850013526000520022030000320027270000380030495201130034299900170045500003521920200930074202.0111026s1958 enka 000 0 spa d aDO-SdBNPbspacBNPHU axxxbT337b1 aTesio, Federico96097010aBreeding the racehorse /cFederico Tesio ; edited and translated Edward Spinola. aLondon, England :bJ.A. Allen & Company,c1958. axv, 130 p. :bil. ;c22 cm.1 aSpinola, Edward,eed.etr.960971 001050718MOaGRbGRcCTd2011-10-26iLF1l0oxxx T337bp35219-10r2020-06-25w2020-06-25y1ZNo se presta c34710d34710